The Supreme Court in the united states history vol. 1 (Record no. 24144)

000 -LEADER
fixed length control field 00218nam a22000737a 4500
003 - CONTROL NUMBER IDENTIFIER
control field NUST
005 - DATE AND TIME OF LATEST TRANSACTION
control field 20170622101057.0
008 - FIXED-LENGTH DATA ELEMENTS--GENERAL INFORMATION
fixed length control field 140508b xxu||||| |||| 00| 0 eng d
020 ## - INTERNATIONAL STANDARD BOOK NUMBER
Terms of availability Available
International Standard Book Number 813070613
040 ## - CATALOGING SOURCE
Original cataloging agency DLC
Language of cataloging DLC
Transcribing agency RCMS
050 ## - LIBRARY OF CONGRESS CALL NUMBER
Classification number 47.73 WAR
082 ## - DEWEY DECIMAL CLASSIFICATION NUMBER
Classification number 47.73 WAR
100 ## - MAIN ENTRY--PERSONAL NAME
Personal name Charles Warren
9 (RLIN) 3058
245 ## - TITLE STATEMENT
Title The Supreme Court in the united states history vol. 1
Statement of responsibility, etc. Charles Warren
300 ## - PHYSICAL DESCRIPTION
Extent xvi, 814. p:
Other physical details ill, ;
Dimensions 24 cm.
538 ## - SYSTEM DETAILS NOTE
Display text Shelf # 09, Row # 1, History & Digital Design.
856 ## - ELECTRONIC LOCATION AND ACCESS
Materials specified Table of Contents Only.
942 ## - ADDED ENTRY ELEMENTS (KOHA)
Source of classification or shelving scheme
Koha item type Book
Classification part 47.73 WAR
Holdings
Withdrawn status Lost status Source of classification or shelving scheme Damaged status Not for loan Permanent Location Current Location Shelving location Date acquired Total Checkouts Full call number Barcode Date last seen Price effective from Koha item type Date last checked out
          Central Library (CL) Central Library (CL) General Stacks 08/26/2014 3 347.7WAR RCMS000755 01/17/2022 08/26/2014 Book 12/09/2021
          NUST Law School (NLS) NUST Law School (NLS) General Stacks 08/26/2014   347.7326 WAR RCMS000753 08/26/2014 08/26/2014 Book  
          School of Interdisciplinary Engineering and Sciences (SINES) School of Interdisciplinary Engineering and Sciences (SINES) General Stacks 05/08/2014   347.7WAR RCMS000752 05/08/2014 05/08/2014 Book  
          School of Interdisciplinary Engineering and Sciences (SINES) School of Interdisciplinary Engineering and Sciences (SINES) General Stacks 05/08/2014   347.7WAR RCMS000754 05/08/2014 05/08/2014 Book  
© 2023 Central Library, National University of Sciences and Technology. All Rights Reserved.